[Event "NED-ch 1974"]
[Site "Leeuwarden"]
[Date "1974.??.??"]
[Round "1"]
[White "Donner, Jan Hein"]
[Black "Ree, Hans"]
[Result "1/2-1/2"]
[WhiteElo "2495"]
[BlackElo "2425"]
[PlyCount "31"]
[EventDate "1974.??.??"]
[Source "ChessBase"]
[SourceDate "1999.07.01"]

1. d4 d5 2. c4 c6 3. Nc3 Nf6 4. cxd5 cxd5 5. Nf3 Nc6 6. Bf4 Bf5 7. e3 e6 8. Bb5
Nd7 9. Bxc6 bxc6 10. Ne5 Nxe5 11. Bxe5 f6 12. Bg3 Qb6 13. Qd2 Qa6 14. Ne2 Be7
15. O-O O-O 16. Rfc1 1/2-1/2

[Event "NED-ch 1974"]
[Site "Leeuwarden"]
[Date "1974.??.??"]
[Round "1"]
[White "Scholl, Eddie"]
[Black "Baljon, Christofoor"]
[Result "1-0"]
[WhiteElo "2385"]
[BlackElo "2210"]
[PlyCount "79"]
[EventDate "1974.??.??"]
[Source "ChessBase"]
[SourceDate "1999.07.01"]

1. e4 c5 2. Nf3 d6 3. d4 cxd4 4. Nxd4 Nf6 5. Nc3 a6 6. f4 Qc7 7. Bd3 e5 8. Nf3
b5 9. O-O Bb7 10. Qe1 Nbd7 11. Kh1 g6 12. a4 bxa4 13. Rxa4 Bg7 14. fxe5 dxe5
15. Be3 O-O 16. Qa1 Rfb8 17. Qa2 Bc6 18. Ng5 Rf8 19. Rxa6 Rxa6 20. Bxa6 h6 21.
Nxf7 Rxf7 22. Bc4 Nf8 23. Bxh6 Bxh6 24. Rxf6 Be8 25. Bxf7+ Bxf7 26. Nd5 Bg5 27.
Nxc7 Bxa2 28. Ra6 Bc4 29. Rc6 Be2 30. b4 Bd8 31. Nd5 Kf7 32. c4 Ne6 33. b5 Nd4
34. Rc8 Bxc4 35. Rxc4 Nxb5 36. g3 Nd6 37. Ra4 Ke6 38. Nc3 Bb6 39. Ra6 Bd4 40.
Nb5 1-0

[Event "NED-ch 1974"]
[Site "Leeuwarden"]
[Date "1974.??.??"]
[Round "1"]
[White "Van Dop, Arend"]
[Black "Enklaar, Bert"]
[Result "1-0"]
[WhiteElo "2340"]
[BlackElo "2425"]
[PlyCount "111"]
[EventDate "1974.??.??"]
[Source "ChessBase"]
[SourceDate "1999.07.01"]

1. e4 c5 2. Nf3 e6 3. d4 cxd4 4. Nxd4 Nc6 5. Nc3 d6 6. Be3 Nf6 7. Be2 Be7 8.
O-O O-O 9. f4 Qc7 10. Nb3 a6 11. a4 b6 12. Qe1 Rb8 13. g4 Re8 14. g5 Nd7 15.
Qf2 Nb4 16. Rac1 Bf8 17. Nd4 Bb7 18. Nf3 Nc5 19. Nd2 g6 20. Qh4 Bg7 21. Rf3 Nd7
22. Rh3 Nf8 23. Nd1 Nc6 24. c3 Qd8 25. Qf2 Bc8 26. Qf1 Ra8 27. Nc4 Rb8 28. Nd2
Qd7 29. Nf2 e5 30. Bg4 Qc7 31. f5 gxf5 32. Bxf5 Ne7 33. Bxc8 Qxc8 34. Qg2 Neg6
35. Ng4 Ne6 36. Nf6+ Bxf6 37. gxf6 Nef4 38. Bxf4 exf4 39. Rf1 Qc5+ 40. Kh1 Qe5
41. Rhf3 b5 42. Rxf4 Qh5 43. Rf5 Qh4 44. axb5 Rxb5 45. Rxb5 axb5 46. Qg3 Re6
47. Rf5 Re5 48. Rxe5 dxe5 49. Qxh4 Nxh4 50. c4 b4 51. Kg1 Kf8 52. Kf2 Ke8 53.
Kg3 Ng6 54. Kg4 Kd7 55. Kf5 Nf4 56. Nf3 1-0

[Event "NED-ch 1974"]
[Site "Leeuwarden"]
[Date "1974.??.??"]
[Round "2"]
[White "Enklaar, Bert"]
[Black "Ligterink, Gert"]
[Result "1/2-1/2"]
[WhiteElo "2425"]
[BlackElo "2360"]
[PlyCount "78"]
[EventDate "1974.??.??"]
[Source "ChessBase"]
[SourceDate "1999.07.01"]

1. e4 c5 2. Nf3 e6 3. d4 cxd4 4. Nxd4 Nc6 5. Nb5 d6 6. c4 Nf6 7. N1c3 a6 8. Na3
Be7 9. Be2 O-O 10. O-O b6 11. Be3 Bb7 12. Qe1 Ne5 13. f3 Ned7 14. Rd1 Bc6 15.
Qf2 Qb8 16. Rd2 Rc8 17. Rfd1 Nc5 18. Nc2 b5 19. b4 Ncd7 20. cxb5 Bxb5 21. Nxb5
axb5 22. Nd4 d5 23. exd5 Nxd5 24. Bxb5 Ne5 25. Bf1 Qxb4 26. Nf5 Bf6 27. Bd4 Nc3
28. Bxc3 Rxc3 29. Nd6 Bh4 30. Qd4 Qxd4+ 31. Rxd4 Be7 32. Nb5 Rc2 33. Re4 Nc6
34. a4 g6 35. h3 Ra2 36. Rc1 Nb4 37. Nc3 Ra3 38. Rc4 Nd5 39. Nxd5 exd5 1/2-1/2

[Event "NED-ch 1974"]
[Site "Leeuwarden"]
[Date "1974.??.??"]
[Round "2"]
[White "Sosonko, Gennadi"]
[Black "Donner, Jan Hein"]
[Result "1/2-1/2"]
[WhiteElo "2450"]
[BlackElo "2495"]
[PlyCount "25"]
[EventDate "1974.??.??"]
[Source "ChessBase"]
[SourceDate "1999.07.01"]

1. d4 Nf6 2. c4 e6 3. Nf3 d5 4. g3 dxc4 5. Qa4+ Nbd7 6. Bg2 a6 7. Nc3 Rb8 8.
Qxc4 b5 9. Qd3 Bb7 10. O-O c5 11. Bf4 Rc8 12. dxc5 Bxc5 13. Ne5 1/2-1/2

[Event "NED-ch 1974"]
[Site "Leeuwarden"]
[Date "1974.??.??"]
[Round "2"]
[White "Vogel, Jaap"]
[Black "Van Dop, Arend"]
[Result "1/2-1/2"]
[WhiteElo "2350"]
[BlackElo "2340"]
[PlyCount "24"]
[EventDate "1974.??.??"]
[Source "ChessBase"]
[SourceDate "1999.07.01"]

1. d4 Nf6 2. Nf3 g6 3. g3 Bg7 4. Bg2 O-O 5. O-O d5 6. Nc3 Bf5 7. Ne5 c6 8. h3
Ne4 9. Nxe4 Bxe4 10. f3 Bf5 11. c3 Nd7 12. Nxd7 Qxd7 1/2-1/2

[Event "NED-ch 1974"]
[Site "Leeuwarden"]
[Date "1974.??.??"]
[Round "3"]
[White "Hartoch, Rob"]
[Black "Ree, Hans"]
[Result "1/2-1/2"]
[WhiteElo "2370"]
[BlackElo "2425"]
[PlyCount "24"]
[EventDate "1974.??.??"]
[Source "ChessBase"]
[SourceDate "1999.07.01"]

1. g3 g6 2. Bg2 Bg7 3. d4 d5 4. Nf3 Nf6 5. O-O O-O 6. c4 c6 7. cxd5 cxd5 8. Nc3
Ne4 9. Ne5 Nxc3 10. bxc3 Nd7 11. Nxd7 Qxd7 12. Qb3 Rd8 1/2-1/2

[Event "NED-ch 1974"]
[Site "Leeuwarden"]
[Date "1974.??.??"]
[Round "3"]
[White "Langeweg, Kick"]
[Black "Enklaar, Bert"]
[Result "0-1"]
[WhiteElo "2390"]
[BlackElo "2425"]
[PlyCount "108"]
[EventDate "1974.??.??"]
[Source "ChessBase"]
[SourceDate "1999.07.01"]

1. c4 Nf6 2. Nc3 e6 3. Nf3 d5 4. d4 Be7 5. Bg5 O-O 6. e3 h6 7. Bh4 b6 8. Bd3
Bb7 9. Bxf6 Bxf6 10. cxd5 exd5 11. O-O Re8 12. Qb3 c6 13. Rad1 Na6 14. Rfe1 Nc7
15. Bb1 g6 16. a3 Bg7 17. Ba2 Bc8 18. Rd2 Bg4 19. Rc1 Bxf3 20. gxf3 Qg5+ 21.
Kh1 Ne6 22. Qd1 Rad8 23. f4 Qf6 24. Qg4 h5 25. Qg2 Bh6 26. Ne2 Ng7 27. Ng1 Nf5
28. Nf3 Ne7 29. Ne5 Rd6 30. Rdc2 a5 31. Rc3 Ra8 32. Bb1 Ra7 33. Bd3 Kf8 34. Qh3
Rc7 35. Bb5 Kg8 36. Ba4 c5 37. dxc5 bxc5 38. Rxc5 Rxc5 39. Rxc5 Bxf4 40. Nd3
Be5 41. Rb5 Rd8 42. Rb7 Nf5 43. Rd7 Rxd7 44. Bxd7 Nd6 45. b4 axb4 46. axb4 Ne4
47. f3 Ng5 48. Qf1 Bc7 49. f4 Bb6 50. Qc1 Qe7 51. Nc5 Ne4 52. Bc6 Nf2+ 53. Kg1
Nd3 54. Qd2 Nxb4 0-1

[Event "NED-ch 1974"]
[Site "Leeuwarden"]
[Date "1974.??.??"]
[Round "3"]
[White "Van Dop, Arend"]
[Black "Baljon, Christofoor"]
[Result "1-0"]
[WhiteElo "2340"]
[BlackElo "2210"]
[PlyCount "81"]
[EventDate "1974.??.??"]
[Source "ChessBase"]
[SourceDate "1999.07.01"]

1. e4 c5 2. Nf3 d6 3. Nc3 a6 4. d4 cxd4 5. Nxd4 Nf6 6. Be2 e5 7. Nb3 Be7 8. f4
O-O 9. a4 b6 10. O-O Bb7 11. Bf3 Nbd7 12. Kh1 Rc8 13. Qe1 Rc7 14. Be3 Qa8 15.
Nd2 Re8 16. Qf2 exf4 17. Bxf4 Bf8 18. Rae1 Rcc8 19. Qd4 Nc5 20. Bg3 Rcd8 21. b4
d5 22. exd5 Rxe1 23. Bxe1 Ne6 24. Qxb6 Nf4 25. Bh4 Rd6 26. Qf2 N4xd5 27. Nxd5
Bxd5 28. b5 axb5 29. axb5 Qa2 30. Bg3 Re6 31. Bxd5 Qxd5 32. c4 Qd3 33. Bf4 Nd7
34. Qf3 Qd4 35. Qd5 Qxd5 36. cxd5 Rb6 37. Rb1 Nc5 38. Nc4 Rb7 39. b6 Nd7 40.
Bc7 Bc5 41. Na5 1-0

[Event "NED-ch 1974"]
[Site "Leeuwarden"]
[Date "1974.??.??"]
[Round "4"]
[White "Baljon, Christofoor"]
[Black "Ligterink, Gert"]
[Result "1/2-1/2"]
[WhiteElo "2210"]
[BlackElo "2360"]
[PlyCount "66"]
[EventDate "1974.??.??"]
[Source "ChessBase"]
[SourceDate "1999.07.01"]

1. e4 c5 2. Nf3 e6 3. d4 cxd4 4. Nxd4 Nf6 5. Nc3 d6 6. g4 a6 7. g5 Nfd7 8. Bg2
Nc6 9. O-O Be7 10. Kh1 O-O 11. f4 Nxd4 12. Qxd4 e5 13. Qd3 exf4 14. Bxf4 Ne5
15. Qg3 Be6 16. Nd5 Bxd5 17. exd5 Rc8 18. Rf2 Qb6 19. b3 Qd4 20. Re1 Rc3 21.
Bxe5 dxe5 22. Qxe5 Qxf2 23. Qxc3 Bd6 24. Rg1 Qf5 25. Qd2 f6 26. Rf1 Qe5 27. Bh3
fxg5 28. Be6+ Kh8 29. Rxf8+ Bxf8 30. Qf2 Bd6 31. Kg1 b6 32. Qxb6 Qxh2+ 33. Kf1
Qf4+ 1/2-1/2

[Event "NED-ch 1974"]
[Site "Leeuwarden"]
[Date "1974.??.??"]
[Round "4"]
[White "Donner, Jan Hein"]
[Black "Scholl, Eddie"]
[Result "1/2-1/2"]
[WhiteElo "2495"]
[BlackElo "2385"]
[PlyCount "118"]
[EventDate "1974.??.??"]
[Source "ChessBase"]
[SourceDate "1999.07.01"]

1. d4 Nf6 2. c4 g6 3. Nc3 d5 4. Nf3 Bg7 5. Qa4+ Bd7 6. Qb3 dxc4 7. Qxc4 O-O 8.
e4 Bg4 9. Be3 Nfd7 10. Rd1 Nc6 11. Be2 Bxf3 12. gxf3 e5 13. dxe5 Ncxe5 14. Qa4
Qc8 15. f4 Nb6 16. Qb3 Nc6 17. e5 Rd8 18. O-O Qf5 19. Nb5 Rxd1 20. Rxd1 Rc8 21.
Nd4 Nxd4 22. Rxd4 Re8 23. Qd1 Qe6 24. b3 Bf8 25. Rd8 Rxd8 26. Qxd8 Qc8 27. Qxc8
Nxc8 28. Bg4 Nb6 29. Bf3 c6 30. Kf1 Bb4 31. Ke2 Kf8 32. Kd3 Ke7 33. a4 Kd8 34.
Be4 Nd7 35. Kc4 a5 36. h4 h5 37. e6 Nf6 38. Bc2 Ke7 39. exf7 Kxf7 40. f5 gxf5
41. Bxf5 Ne8 42. Kd4 Kf6 43. Bd7 Ke7 44. Bc8 b6 45. Kd3 b5 46. Bf5 Ng7 47. Bg6
Be1 48. Bg5+ Ke6 49. f4 Nf5 50. Ke4 Ng3+ 51. Kd4 Bf2+ 52. Kd3 Nf5 53. Bd8 Nxh4
54. Bxh5 Kf5 55. Bxa5 bxa4 56. bxa4 Kxf4 57. Bc7+ Kf5 58. a5 Ke6 59. Be8 Nf5
1/2-1/2

[Event "NED-ch 1974"]
[Site "Leeuwarden"]
[Date "1974.??.??"]
[Round "4"]
[White "Ree, Hans"]
[Black "Van Dop, Arend"]
[Result "1/2-1/2"]
[WhiteElo "2425"]
[BlackElo "2340"]
[PlyCount "81"]
[EventDate "1974.??.??"]
[Source "ChessBase"]
[SourceDate "1999.07.01"]

1. e4 c5 2. Nf3 d6 3. d4 cxd4 4. Nxd4 Nf6 5. Nc3 a6 6. Bg5 e6 7. f4 b5 8. e5
dxe5 9. fxe5 Qc7 10. Qe2 Nfd7 11. O-O-O Bb7 12. Qg4 Qxe5 13. Bd3 h6 14. Bh4 g5
15. Bg3 Qe3+ 16. Rd2 h5 17. Qd1 Qxd4 18. Bxb5 Qb6 19. Bxd7+ Nxd7 20. Rxd7 Rd8
21. Rxd8+ Qxd8 22. Qe2 Be7 23. Rd1 Qa5 24. Be5 Rg8 25. Kb1 g4 26. Bf4 Rg6 27.
Qd2 Bc6 28. Qd4 e5 29. Bxe5 Re6 30. Bf4 Bf6 31. Qa7 Kf8 32. Bd2 Qf5 33. g3 Bf3
34. Rc1 Kg7 35. a3 Rd6 36. Be1 Bg5 37. Na2 Bxc1 38. Bc3+ Kh6 39. Qb8 Rd1 40.
Nxc1 f6 41. Qf8+ 1/2-1/2

[Event "NED-ch 1974"]
[Site "Leeuwarden"]
[Date "1974.??.??"]
[Round "4"]
[White "Sosonko, Gennadi"]
[Black "Hartoch, Rob"]
[Result "1/2-1/2"]
[WhiteElo "2450"]
[BlackElo "2370"]
[PlyCount "39"]
[EventDate "1974.??.??"]
[Source "ChessBase"]
[SourceDate "1999.07.01"]

1. Nf3 g6 2. c4 Bg7 3. Nc3 c5 4. g3 Nc6 5. Bg2 e5 6. O-O Nge7 7. d3 O-O 8. Bd2
d6 9. a3 a5 10. Rb1 Rb8 11. Ne1 Be6 12. Nc2 d5 13. cxd5 Nxd5 14. Nxd5 Bxd5 15.
b4 cxb4 16. axb4 Bxg2 17. Kxg2 Qd5+ 18. f3 axb4 19. Nxb4 Nxb4 20. Bxb4 1/2-1/2

[Event "NED-ch 1974"]
[Site "Leeuwarden"]
[Date "1974.??.??"]
[Round "4"]
[White "Vogel, Jaap"]
[Black "Langeweg, Kick"]
[Result "1/2-1/2"]
[WhiteElo "2350"]
[BlackElo "2390"]
[PlyCount "47"]
[EventDate "1974.??.??"]
[Source "ChessBase"]
[SourceDate "1999.07.01"]

1. d4 Nf6 2. Nf3 c5 3. c4 g6 4. Nc3 Bg7 5. e4 cxd4 6. Nxd4 Nc6 7. Be3 Ng4 8.
Qxg4 Nxd4 9. Qd1 Ne6 10. Rc1 d6 11. Be2 Bd7 12. Qd2 O-O 13. O-O a5 14. Rfd1 Bc6
15. f3 a4 16. Nd5 Nc5 17. Qb4 b6 18. Rc2 Rb8 19. Rcd2 Rb7 20. Bf4 Qa8 21. Bg5
Qa7 22. Kh1 Re8 23. Bf1 Qb8 24. Nc3 1/2-1/2

[Event "NED-ch 1974"]
[Site "Leeuwarden"]
[Date "1974.??.??"]
[Round "5"]
[White "Hartoch, Rob"]
[Black "Donner, Jan Hein"]
[Result "1/2-1/2"]
[WhiteElo "2370"]
[BlackElo "2495"]
[PlyCount "46"]
[EventDate "1974.??.??"]
[Source "ChessBase"]
[SourceDate "1999.07.01"]

1. e4 d6 2. d4 Nf6 3. Nc3 g6 4. Nge2 Bg7 5. g3 O-O 6. Bg2 e5 7. O-O exd4 8.
Nxd4 Nc6 9. Nde2 Bg4 10. h3 Bxe2 11. Qxe2 Nd7 12. Nd5 Nb6 13. c3 Nxd5 14. exd5
Ne5 15. f4 Nd7 16. Be3 Re8 17. Rfe1 Re7 18. Qc2 Nb6 19. Bf2 Rxe1+ 20. Rxe1 Qd7
21. c4 Re8 22. Rxe8+ Qxe8 23. b3 Nd7 1/2-1/2

[Event "NED-ch 1974"]
[Site "Leeuwarden"]
[Date "1974.??.??"]
[Round "5"]
[White "Langeweg, Kick"]
[Black "Baljon, Christofoor"]
[Result "1-0"]
[WhiteElo "2390"]
[BlackElo "2210"]
[PlyCount "73"]
[EventDate "1974.??.??"]
[Source "ChessBase"]
[SourceDate "1999.07.01"]

1. d4 Nf6 2. c4 g6 3. Nc3 Bg7 4. Nf3 O-O 5. e4 d6 6. Be2 e5 7. O-O Nc6 8. d5
Ne7 9. Nd2 c5 10. Rb1 Ne8 11. b4 b6 12. bxc5 bxc5 13. Qa4 f5 14. Nb3 fxe4 15.
Nxe4 Nf6 16. f3 Nxe4 17. fxe4 Rxf1+ 18. Bxf1 Bd7 19. Qa5 Qc8 20. Be3 Kh8 21.
Nxc5 dxc5 22. Qxc5 Ng8 23. Qxc8 Bxc8 24. c5 Nf6 25. Bd3 Ng4 26. Bd2 Bf8 27. d6
Be6 28. Ba6 Bd7 29. h3 Nh6 30. Bc3 Re8 31. Rb7 Bc6 32. Rc7 Bxe4 33. Bb5 Re6 34.
Bc4 Bf5 35. Bxe6 Bxe6 36. Bxe5+ Kg8 37. Rxa7 1-0

[Event "NED-ch 1974"]
[Site "Leeuwarden"]
[Date "1974.??.??"]
[Round "5"]
[White "Ligterink, Gert"]
[Black "Ree, Hans"]
[Result "1/2-1/2"]
[WhiteElo "2360"]
[BlackElo "2425"]
[PlyCount "66"]
[EventDate "1974.??.??"]
[Source "ChessBase"]
[SourceDate "1999.07.01"]

1. e4 c5 2. Nf3 d6 3. d4 cxd4 4. Nxd4 Nc6 5. Nc3 e6 6. Bc4 Nf6 7. Bb3 Be7 8.
Be3 a6 9. Qe2 Qc7 10. O-O-O O-O 11. Rhg1 Na5 12. g4 b5 13. g5 Nxb3+ 14. axb3
Nd7 15. b4 a5 16. Ncxb5 Qb7 17. Nb3 axb4 18. Nxd6 Qc6 19. Qc4 Qa4 20. Qb5 Qxb5
21. Nxb5 Ne5 22. Kb1 Nc4 23. Bc5 Bxc5 24. Nxc5 Nxb2 25. Kxb2 Ra5 26. Rd4 Rxb5
27. Nd3 Bb7 28. e5 Rb8 29. Ra1 Bf3 30. Ra7 Be2 31. f4 Bxd3 32. Rxd3 Rc5 33.
Rdd7 Rbc8 1/2-1/2

[Event "NED-ch 1974"]
[Site "Leeuwarden"]
[Date "1974.??.??"]
[Round "6"]
[White "Baljon, Christofoor"]
[Black "Enklaar, Bert"]
[Result "1-0"]
[WhiteElo "2210"]
[BlackElo "2425"]
[PlyCount "57"]
[EventDate "1974.??.??"]
[Source "ChessBase"]
[SourceDate "1999.07.01"]

1. e4 d6 2. d4 Nf6 3. Nc3 g6 4. Nf3 Bg7 5. Be2 O-O 6. O-O c6 7. a4 Qc7 8. Be3
Nbd7 9. Qd2 Re8 10. Rfd1 Ng4 11. Bg5 h6 12. Bh4 e5 13. dxe5 dxe5 14. Bc4 g5 15.
Bg3 Ngf6 16. h4 g4 17. Nh2 Nf8 18. Qd6 Qxd6 19. Rxd6 N8d7 20. f3 Bf8 21. Rd2
Bc5+ 22. Kh1 h5 23. fxg4 hxg4 24. Rf1 Kg7 25. Rf5 Nb6 26. Rg5+ Kf8 27. Bxe5
Nxc4 28. Bxf6 Nxd2 29. Rh5 1-0

[Event "NED-ch 1974"]
[Site "Leeuwarden"]
[Date "1974.??.??"]
[Round "6"]
[White "Scholl, Eddie"]
[Black "Hartoch, Rob"]
[Result "1-0"]
[WhiteElo "2385"]
[BlackElo "2370"]
[PlyCount "93"]
[EventDate "1974.??.??"]
[Source "ChessBase"]
[SourceDate "1999.07.01"]

1. e4 c5 2. Nf3 Nc6 3. d4 cxd4 4. Nxd4 Qc7 5. Nb5 Qb8 6. c4 Nf6 7. N5c3 g6 8.
Be2 Bg7 9. O-O O-O 10. Na3 d6 11. Be3 Nd7 12. Qd2 Nc5 13. f3 b6 14. Rfd1 Bb7
15. Rab1 Ne6 16. Nd5 Qe8 17. Nc2 f5 18. exf5 gxf5 19. b4 Ne5 20. f4 Ng4 21. Bf3
Rc8 22. h3 Nh6 23. Nf6+ Rxf6 24. Bxb7 Rc7 25. Bd5 Nf7 26. Re1 Qc8 27. Na3 Ned8
28. Bd4 Rg6 29. Bxg7 Kxg7 30. Nb5 Rd7 31. Nd4 Rc7 32. Nb5 Rd7 33. Nd4 Rc7 34.
Qc3 Kf8 35. Nb5 Rd7 36. Nd4 Rc7 37. Qe3 e5 38. fxe5 dxe5 39. Nf3 f4 40. Qd3 Re7
41. Nh4 Rg5 42. Qxh7 Re6 43. Bxe6 Qxe6 44. Rbd1 Nc6 45. b5 Ne7 46. Nf3 Rg7 47.
Qe4 1-0

[Event "NED-ch 1974"]
[Site "Leeuwarden"]
[Date "1974.??.??"]
[Round "6"]
[White "Sosonko, Gennadi"]
[Black "Ligterink, Gert"]
[Result "1/2-1/2"]
[WhiteElo "2450"]
[BlackElo "2360"]
[PlyCount "39"]
[EventDate "1974.??.??"]
[Source "ChessBase"]
[SourceDate "1999.07.01"]

1. d4 Nf6 2. c4 g6 3. Nc3 Bg7 4. e4 d6 5. Nf3 O-O 6. Be2 e5 7. O-O Nc6 8. d5
Ne7 9. Nd2 a5 10. a3 Nd7 11. Rb1 f5 12. b4 b6 13. Nb3 axb4 14. axb4 fxe4 15.
Nxe4 Nf6 16. f3 Nf5 17. c5 bxc5 18. bxc5 Kh8 19. Rf2 Nd4 20. Nxf6 1/2-1/2

[Event "NED-ch 1974"]
[Site "Leeuwarden"]
[Date "1974.??.??"]
[Round "7"]
[White "Enklaar, Bert"]
[Black "Ree, Hans"]
[Result "1-0"]
[WhiteElo "2425"]
[BlackElo "2425"]
[PlyCount "65"]
[EventDate "1974.??.??"]
[Source "ChessBase"]
[SourceDate "1999.07.01"]

1. e4 c5 2. Nf3 d6 3. d4 cxd4 4. Nxd4 Nc6 5. c4 g6 6. Nc3 Nf6 7. Be2 Nxd4 8.
Qxd4 Bg7 9. O-O O-O 10. Qd3 a6 11. Be3 Be6 12. b3 Nd7 13. Bd4 Bxd4 14. Qxd4 Qb6
15. Qd2 Nf6 16. Kh1 Qa5 17. a4 b6 18. f4 Qb4 19. f5 Bd7 20. Rf3 b5 21. Rh3 bxa4
22. Qh6 Bc6 23. bxa4 Qc5 24. Rf1 g5 25. Qxg5+ Kh8 26. Nd5 Bxd5 27. exd5 Rfb8
28. Re3 Qa7 29. Re1 Rb4 30. Bd1 Rg8 31. Qh4 Nxd5 32. Re4 Rb2 33. Bf3 1-0

[Event "NED-ch 1974"]
[Site "Leeuwarden"]
[Date "1974.??.??"]
[Round "7"]
[White "Ligterink, Gert"]
[Black "Donner, Jan Hein"]
[Result "1-0"]
[WhiteElo "2360"]
[BlackElo "2495"]
[PlyCount "65"]
[EventDate "1974.??.??"]
[Source "ChessBase"]
[SourceDate "1999.07.01"]

1. e4 e5 2. Nf3 Nc6 3. Bb5 a6 4. Ba4 Nf6 5. d4 exd4 6. O-O Be7 7. Re1 b5 8. e5
Nxe5 9. Rxe5 bxa4 10. Nxd4 O-O 11. Nf5 Re8 12. Bg5 d6 13. Nxe7+ Rxe7 14. Bxf6
gxf6 15. Rh5 Bb7 16. Nc3 Re5 17. Rh4 Rg5 18. Ne4 Rg6 19. Qh5 h6 20. Ng3 Qf8 21.
Qa5 c5 22. Qc7 Qb8 23. Qxb8+ Rxb8 24. Rxa4 Rg5 25. Rd1 d5 26. Rf4 Bc8 27. Rxf6
Rxb2 28. f4 Rxg3 29. hxg3 Rxc2 30. Rxd5 Be6 31. Rh5 c4 32. Rfxh6 Rxa2 33. f5
1-0

[Event "NED-ch 1974"]
[Site "Leeuwarden"]
[Date "1974.??.??"]
[Round "7"]
[White "Vogel, Jaap"]
[Black "Baljon, Christofoor"]
[Result "1-0"]
[WhiteElo "2350"]
[BlackElo "2210"]
[PlyCount "43"]
[EventDate "1974.??.??"]
[Source "ChessBase"]
[SourceDate "1999.07.01"]

1. d4 Nf6 2. Nf3 g6 3. g3 Bg7 4. Bg2 O-O 5. O-O d6 6. c4 Nbd7 7. Qc2 e5 8. Rd1
Re8 9. e4 c6 10. Nc3 Qc7 11. h3 b5 12. c5 dxc5 13. dxe5 Nxe5 14. Nxe5 Qxe5 15.
Bf4 Qe6 16. Rd6 Qc4 17. Bf1 Qb4 18. a3 Qa5 19. Rxc6 Re7 20. Rxc5 a6 21. Nd5
Nxd5 22. Rxc8+ 1-0

[Event "NED-ch 1974"]
[Site "Leeuwarden"]
[Date "1974.??.??"]
[Round "8"]
[White "Donner, Jan Hein"]
[Black "Langeweg, Kick"]
[Result "1-0"]
[WhiteElo "2495"]
[BlackElo "2390"]
[PlyCount "65"]
[EventDate "1974.??.??"]
[Source "ChessBase"]
[SourceDate "1999.07.01"]

1. d4 Nf6 2. c4 e6 3. Nc3 Bb4 4. e3 O-O 5. Bd3 d5 6. Nf3 c5 7. O-O Nc6 8. a3
cxd4 9. exd4 Bxc3 10. bxc3 dxc4 11. Bxc4 Qa5 12. Qc2 e5 13. Bd3 exd4 14. Nxd4
Nxd4 15. cxd4 Be6 16. Bf4 Rac8 17. Qb1 Bc4 18. Bxc4 Rxc4 19. Qxb7 Rxd4 20. Bc7
Qa4 21. Be5 Qd7 22. Rab1 Rd3 23. Qb2 Qf5 24. Rbc1 Rfd8 25. Bc7 Re8 26. Rfe1 h6
27. h3 Rd7 28. Rxe8+ Nxe8 29. Qb8 Qe6 30. Ba5 Qe2 31. Kh2 Re7 32. Re1 Qxe1 33.
Bxe1 1-0

[Event "NED-ch 1974"]
[Site "Leeuwarden"]
[Date "1974.??.??"]
[Round "8"]
[White "Hartoch, Rob"]
[Black "Van Dop, Arend"]
[Result "1/2-1/2"]
[WhiteElo "2370"]
[BlackElo "2340"]
[PlyCount "109"]
[EventDate "1974.??.??"]
[Source "ChessBase"]
[SourceDate "1999.07.01"]

1. Nf3 Nf6 2. g3 g6 3. Bg2 Bg7 4. O-O O-O 5. c4 d5 6. d4 Nc6 7. Ne5 dxc4 8.
Nxc6 bxc6 9. Bxc6 Rb8 10. Nc3 Bh3 11. Re1 Qd6 12. d5 h6 13. Qa4 Ng4 14. Qxa7
Rb6 15. Bf4 Qc5 16. Ne4 Qd4 17. d6 Rxc6 18. Qxd4 Bxd4 19. dxe7 Re8 20. Red1 f5
21. Rxd4 fxe4 22. Rxe4 g5 23. Bd2 Nf6 24. Re5 Re6 25. Rxe6 Bxe6 26. Bb4 Nd5 27.
Bc5 Nxe7 28. a4 Nc6 29. a5 Bh3 30. Be3 Ra8 31. a6 Nb4 32. a7 Nc2 33. Ra4 Nxe3
34. fxe3 Be6 35. e4 Kf7 36. Kf2 Ke7 37. Ke3 Kd6 38. Ra6+ c6 39. Kd4 Kc7 40. Kc5
Bd7 41. e5 Kb7 42. Ra1 Rxa7 43. Rxa7+ Kxa7 44. Kd6 Bg4 45. e6 Kb6 46. e4 Kb5
47. e5 Bh5 48. e7 Kb4 49. e6 Kb3 50. Kd7 Kxb2 51. e8=Q Bxe8+ 52. Kxe8 c3 53. e7
c2 54. Kf7 c1=Q 55. e8=Q 1/2-1/2

[Event "NED-ch 1974"]
[Site "Leeuwarden"]
[Date "1974.??.??"]
[Round "8"]
[White "Ree, Hans"]
[Black "Vogel, Jaap"]
[Result "1-0"]
[WhiteElo "2425"]
[BlackElo "2350"]
[PlyCount "83"]
[EventDate "1974.??.??"]
[Source "ChessBase"]
[SourceDate "1999.07.01"]

1. Nf3 Nf6 2. g3 b6 3. Bg2 Bb7 4. O-O c5 5. d3 d5 6. Nbd2 Nc6 7. e4 e6 8. Re1
Be7 9. e5 Nd7 10. c4 Nb4 11. cxd5 Bxd5 12. Ne4 Nxa2 13. Rxa2 Bxa2 14. b3 b5 15.
Qc2 Bxb3 16. Qxb3 Rb8 17. Nd6+ Bxd6 18. exd6 O-O 19. Bg5 Nf6 20. Qc3 Rb6 21. d7
Qxd7 22. Bxf6 gxf6 23. Qxf6 Qd8 24. Qh6 f6 25. Re4 Kh8 26. Bh3 f5 27. Ng5 Qe7
28. Rh4 Rf6 29. Qh5 h6 30. Nf3 Qf7 31. Qg5 Qg7 32. Qc1 Qf8 33. Ne5 Rb7 34. Bg2
Rc7 35. Qb2 Kg7 36. Qxb5 Qd6 37. Qb2 Rc8 38. Ra4 Rb8 39. Rxa7+ Kg8 40. Qa1 Qb6
41. Nd7 Qb1+ 42. Bf1 1-0

[Event "NED-ch 1974"]
[Site "Leeuwarden"]
[Date "1974.??.??"]
[Round "8"]
[White "Sosonko, Gennadi"]
[Black "Enklaar, Bert"]
[Result "1-0"]
[WhiteElo "2450"]
[BlackElo "2425"]
[PlyCount "84"]
[EventDate "1974.??.??"]
[Source "ChessBase"]
[SourceDate "1999.07.01"]

1. Nf3 g6 2. e4 Bg7 3. d4 d6 4. Nc3 c6 5. Be2 b5 6. e5 Nh6 7. O-O dxe5 8. dxe5
Qxd1 9. Rxd1 b4 10. Na4 Bf5 11. Nd4 Nd7 12. Nxf5 Nxf5 13. g4 Nh6 14. f4 Nb6 15.
Nxb6 axb6 16. Be3 c5 17. Bb5+ Kf8 18. Bc6 Rb8 19. h3 f5 20. g5 Nf7 21. Bg2 h6
22. h4 hxg5 23. hxg5 Nd8 24. a3 bxa3 25. Rxa3 Ne6 26. Bd5 Nc7 27. Bc4 b5 28.
Be2 Ne6 29. Kg2 Kf7 30. Bf3 Rhd8 31. Bd5 Kf8 32. Rad3 c4 33. R3d2 Nc7 34. Bc6
Rxd2+ 35. Rxd2 Ne6 36. Kf3 b4 37. Bd5 c3 38. bxc3 bxc3 39. Rd3 Nc7 40. Bc4 Nb5
41. Bxb5 Rxb5 42. Rxc3 Kf7 1-0

[Event "NED-ch 1974"]
[Site "Leeuwarden"]
[Date "1974.??.??"]
[Round "9"]
[White "Baljon, Christofoor"]
[Black "Ree, Hans"]
[Result "0-1"]
[WhiteElo "2210"]
[BlackElo "2425"]
[PlyCount "52"]
[EventDate "1974.??.??"]
[Source "ChessBase"]
[SourceDate "1999.07.01"]

1. e4 e5 2. Nf3 Nc6 3. Bc4 d6 4. d4 Bg4 5. dxe5 dxe5 6. Qxd8+ Rxd8 7. Bb5 Nge7
8. Nbd2 a6 9. Nxe5 axb5 10. Nxg4 Ng6 11. Nf3 Bc5 12. O-O O-O 13. Be3 Bd6 14. h3
Rfe8 15. Nd2 h5 16. Nh2 Nb4 17. Rfc1 Nf4 18. Kf1 Nxh3 19. gxh3 Bxh2 20. f4 Nd5
21. Bd4 Nxf4 22. Nf3 Bg3 23. Be5 Ne2 24. Kxe2 Bxe5 25. Rd1 Rxd1 26. Rxd1 Bxb2
0-1

[Event "NED-ch 1974"]
[Site "Leeuwarden"]
[Date "1974.??.??"]
[Round "9"]
[White "Enklaar, Bert"]
[Black "Donner, Jan Hein"]
[Result "1-0"]
[WhiteElo "2425"]
[BlackElo "2495"]
[PlyCount "61"]
[EventDate "1974.??.??"]
[Source "ChessBase"]
[SourceDate "1999.07.01"]

1. e4 c6 2. d4 d5 3. exd5 cxd5 4. Bd3 Nf6 5. c3 Nc6 6. Bf4 Bg4 7. Qb3 Na5 8.
Qa4+ Bd7 9. Qc2 Rc8 10. Nf3 Nc6 11. Qe2 Bg4 12. Nbd2 e6 13. Qe3 Nd7 14. O-O Be7
15. Ne5 Ndxe5 16. Bxe5 O-O 17. Bf4 Qd7 18. Rfe1 Rfe8 19. Qg3 Bh5 20. Re3 Bg6
21. Bxg6 hxg6 22. Nf3 Bf6 23. Qh3 Na5 24. b3 b5 25. g4 Nc6 26. Rd1 b4 27. g5
Be7 28. cxb4 Bxb4 29. Ne5 Nxe5 30. Bxe5 Qb5 31. Bxg7 1-0